000
00296pab a2200109 454500
008
180718b xxu||||| |||| 00| 0 eng d
100
_a
Chattopadhyay, P.
245
_a
Revamping SSIs - rural units deserve move credit
650
_a
Industry, Small Scale
773
_a
Business Standard
909
_a
22651
999
_c
22651
_d
22651